000 00863nam a2200253Ia 4500
003 OSt
005 20220923211134.0
006 a|||||r|||| 00| 0
007 ta
008 220922b |||||||| |||| 00| 0 pan d
020 _a8185544891 (hbk)
_c350
024 _a335,817
037 _bSP/5381, 17/03/2018, Star Publications (Pvt.) Ltd.
_cTextual
040 _aARTS
_cARTS
_bpan
041 _2pan
_apan
082 _aO153:g, Q5
100 _aਮਾਨ, ਤੇਜਵੰਤ, ਂਚ.
_9158644
245 0 _aਪਾਠ-ਆਨੰਦ
260 _aਅੰਮਿ਼ਤਸਰ
_b ਲਿਟਰੇਚਰ ਹਾਊਸ
_c2015
300 _a272ਪ0
_ccm.
650 _aਪੰਜਾਬੀ ਸਾਹਿਤ
942 _hO153:g, Q5
_cTEXL
_2CC
999 _c295821
_d295821